| 000 | 00447nam a2200193Ia 4500 | ||
|---|---|---|---|
| 005 | 20240823020323.0 | ||
| 008 | 240823s9999||||xx |||||||||||||| ||und|| | ||
| 020 | _a81-222-0088-5 | ||
| 041 | _aENGLISH | ||
| 082 | _A823 P5 | ||
| 100 | _aAnita Desai | ||
| 245 | 0 | _aWhere Shall We Go This Summer | |
| 250 | _a1st | ||
| 260 |
_c2005 _b"Orient Paperback,New D" |
||
| 500 | _aYES | ||
| 650 |
_aNovel _bEnglish |
||
| 942 | _cBK | ||
| 999 |
_c174477 _d174477 |
||